Con là Mary, đâu phải ổ bánh mỳ : Hay câu chuyện về bà mẹ phù thuỷ "chất nhất quả đất" Truyện thiếu nhi

Tên sách tiếng Anh: The door by the staircase

Na minha lista:
Detalhes bibliográficos
Autor principal: Marsh, Katherine
Outros Autores: Lê, Thu Ngọc
Formato: Livro
Idioma:Undetermined
Publicado em: H. Phụ nữ 2017
Assuntos:
Acesso em linha:http://lrc.tdmu.edu.vn/opac/search/detail.asp?aID=2&ID=31849
Tags: Adicionar Tag
Sem tags, seja o primeiro a adicionar uma tag!
Thư viện lưu trữ: Trung tâm Học liệu Trường Đại học Thủ Dầu Một
LEADER 00882nam a2200229Ia 4500
001 TDMU_31849
008 210410s9999 xx 000 0 und d
082 |a 370 
090 |b M109 
100 |a Marsh, Katherine 
245 0 |a Con là Mary, đâu phải ổ bánh mỳ : Hay câu chuyện về bà mẹ phù thuỷ "chất nhất quả đất" 
245 0 |b Truyện thiếu nhi 
245 0 |c Katherine Marsh; Lê Thu Ngọc (dịch) 
260 |a H. 
260 |b Phụ nữ 
260 |c 2017 
300 |a 322tr. 
520 |a Tên sách tiếng Anh: The door by the staircase 
650 |a Văn học thiếu nhi  |z Mỹ; Văn học Mỹ  |x Văn học thiếu nhi 
700 |a Lê, Thu Ngọc 
856 |u http://lrc.tdmu.edu.vn/opac/search/detail.asp?aID=2&ID=31849 
980 |a Trung tâm Học liệu Trường Đại học Thủ Dầu Một